|
|
|
|
| LEADER |
01033nab#a2200337#ar4500 |
| 001 |
000026713 |
| 003 |
SVKKK |
| 005 |
20071108151819.0 |
| 008 |
030616c xo e sloo |
| FMT |
|
|
|
| 038 |
|
|
|a SVKKK
|
| 040 |
|
|
|a SVKKK
|b slo
|e AACR2
|
| 041 |
0 |
|
|a slo
|
| 044 |
|
|
|a xo
|c SK
|
| 080 |
|
|
|a 73.02
|2 1981
|
| 080 |
|
|
|a 929 Spoločníková, Mária
|2 1981
|
| 100 |
1 |
|
|a Piroš, Alexander
|4 aut
|
| 245 |
1 |
0 |
|a Aj v reštaurátorskej práci sa skrýva dráma a napätie :
|b navštívili sme tvorivú dielňu košickej rodáčky Márie Spoločníkovej
|c Piroš Alexander, Iván František
|
| 300 |
|
|
|b Fotogr.
|
| 600 |
1 |
4 |
|a Spoločníková, Mária,
|x reštaurátorka
|
| 650 |
0 |
4 |
|a Spoločníková, Mária
|x (reštaurátorka)
|x práca
|x profily
|
| 700 |
1 |
|
|a Iván, František
|4 aut
|
| 773 |
0 |
|
|t Košický večer
|g Roč. 12(33), č. 69 (2001), dát. 0406
|
| 773 |
0 |
|
|t Magazín
|g 6, 14 (2001)
|
| 957 |
|
|
|a Košice
|
| 958 |
|
|
|a KE
|
| 974 |
|
|
|d 020325
|a Čr
|
| 992 |
|
|
|a RBX
|
| BAS |
|
|
|
| 852 |
|
|
|a SVKKK
|b BIB
|
| 998 |
|
|
|a REG
|